[Event "Delft Prinsenstad op-B"]
[Site "Delft"]
[Date "2015.04.04"]
[Round "4"]
[White "Boes, Robert"]
[Black "Vesters, Melchior"]
[Result "0-1"]
[WhiteElo "1924"]
[BlackElo "2100"]
[PlyCount "66"]
[EventDate "2015.04.03"]
[EventType "swiss"]
[EventRounds "6"]
[EventCountry "NED"]
[SourceTitle "EXT 2018"]
[Source "ChessBase"]
[SourceDate "2017.10.13"]
[SourceVersion "1"]
[SourceVersionDate "2017.10.13"]
[SourceQuality "1"]

1. e4 g6 2. d4 Bg7 3. Nf3 d6 4. Bd3 Nf6 5. h3 0-0 6. 0-0 Nbd7 7. Be3 e5 8. dxe5 Nxe5 9. Nxe5 dxe5 10. Nc3 Qe7 11. Bg5 c6 12. Qc1 Qb4 13. a3 Qb6 14. Rb1 Nh5 15. Be3 Qc7 16. Ne2 f5 17. f3 Kh8 18. Qd2 Be6 19. Rbd1 Rad8 20. Qc1 b6 21. c3 Qf7 22. Kh2 Nf6 23. Bg5 f4 24. c4 h6 25. Bxf6 Bxf6 26. Qc3 g5 27. Kg1 h5 28. Kf2 Kg8 29. b3 Qe7 30. a4 Qc5+ 31. Ke1 Be7 32. Bc2 g4 33. hxg4 Bh4+ 0-1

[Event "Delft Prinsenstad op-B"]
[Site "Delft"]
[Date "2015.04.04"]
[Round "2"]
[White "Van Baar, Esper"]
[Black "Vesters, Melchior"]
[Result "0-1"]
[WhiteElo "1919"]
[BlackElo "2100"]
[PlyCount "140"]
[EventDate "2015.04.03"]
[EventType "swiss"]
[EventRounds "6"]
[EventCountry "NED"]
[SourceTitle "EXT 2018"]
[Source "ChessBase"]
[SourceDate "2017.10.13"]
[SourceVersion "1"]
[SourceVersionDate "2017.10.13"]
[SourceQuality "1"]

1. e4 g6 2. Nc3 Bg7 3. g3 e5 4. Bg2 d6 5. Nge2 Bg4 6. 0-0 h5 7. h3 Bd7 8. f4 Nh6 9. d4 Qc8 10. fxe5 dxe5 11. Nd5 c6 12. Bxh6 Rxh6 13. Nf6+ Bxf6 14. Rxf6 Bxh3 15. dxe5 Bg4 16. Qd2 Rh7 17. Rf2 Qd7 18. Qd6 Na6 19. Qf6 Qe7 20. Nd4 Rd8 21. c3 Nc5 22. Bf3 Nd3 23. Bxg4 hxg4 24. Rh2 Rxh2 25. Kxh2 Nxe5 26. Qg7 f6 27. Qg8+ Kd7 28. Qb3 Kc8 29. Kg2 c5 30. Qc2 cxd4 31. cxd4+ Qc7 32. Qxc7+ Kxc7 33. Rc1+ Kd6 34. dxe5+ Kxe5 35. Rc2 Kxe4 36. Re2+ Kf5 37. Kf2 Rd5 38. Rc2 b5 39. Ke3 a5 40. Rc6 Ke5 41. Ra6 a4 42. Rc6 g5 43. Ke2 Kf5 44. Ke3 Re5+ 45. Kd3 Kg6 46. Rb6 Rf5 47. Ke2 Rf3 48. Rxb5 Rxg3 49. Rb4 f5 50. Kf2 Rf3+ 51. Kg2 a3 52. Rb6+ Kh5 53. Rb5 axb2 54. Rxb2 Ra3 55. Kg1 g3 56. Rg2 Kg4 57. Rb2 f4 58. Rc2 Kh3 59. Kh1 f3 60. Rh2+ Kg4 61. Rc2 Rd3 62. Rc1 Kh3 63. a4 Ra3 64. a5 Rxa5 65. Kg1 Ra2 66. Rf1 Rg2+ 67. Kh1 Rh2+ 68. Kg1 f2+ 69. Rxf2 Rxf2 70. Kh1 Rf1# 0-1

[Event "Dieren op"]
[Site "Dieren"]
[Date "2012.07.25"]
[Round "2"]
[White "Vesters, Melchior"]
[Black "Heemskerk, Wim"]
[Result "0-1"]
[WhiteElo "1974"]
[BlackElo "2252"]
[PlyCount "94"]
[EventDate "2012.07.24"]
[EventType "swiss"]
[EventRounds "9"]
[EventCountry "NED"]
[SourceTitle "CBM 149 Extra"]
[Source "ChessBase"]
[SourceDate "2012.08.24"]
[SourceVersion "1"]
[SourceVersionDate "2012.08.24"]
[SourceQuality "1"]

1. e4 e6 2. d4 d5 3. Nc3 Nf6 4. Bg5 Bb4 5. Nge2 dxe4 6. a3 Be7 7. Bxf6 gxf6 8. Nxe4 b6 9. Qd3 Bb7 10. 0-0-0 Nd7 11. N4c3 c6 12. g3 Qc7 13. Bg2 0-0-0 14. Qf3 f5 15. Kb1 Nf6 16. h3 Rd7 17. Qf4 Qxf4 18. Nxf4 Rhd8 19. Nfe2 Kc7 20. Kc1 a5 21. Bf3 b5 22. d5 Nxd5 23. Bxd5 exd5 24. Nd4 b4 25. axb4 axb4 26. Nce2 Bc5 27. Nxf5 Bxf2 28. Nf4 Re8 29. Nd3 Bb6 30. Nxb4 Re5 31. g4 Rd8 32. Nd3 Re4 33. Rde1 Rde8 34. Rxe4 Rxe4 35. Rf1 Bc8 36. Kd1 Be6 37. Nh6 Re3 38. h4 Rh3 39. h5 Rg3 40. Ne5 Bd4 41. Nf5 Bxe5 42. Nxg3 Bxg3 43. Kd2 Bh4 44. Rg1 Bg5+ 45. Kd3 c5 46. b3 Kd6 47. c4 dxc4+ 0-1

[Event "Delft Prinsenstad op-B"]
[Site "Delft"]
[Date "2010.04.03"]
[Round "3"]
[White "Roeleveld, Koos"]
[Black "Vesters, Melchior"]
[Result "0-1"]
[WhiteElo "1690"]
[BlackElo "1974"]
[PlyCount "48"]
[EventDate "2010.04.02"]
[EventType "swiss"]
[EventRounds "6"]
[EventCountry "NED"]
[SourceTitle "EXT 2013"]
[Source "ChessBase"]
[SourceDate "2012.11.22"]
[SourceVersion "1"]
[SourceVersionDate "2012.11.22"]
[SourceQuality "1"]

1. g3 g6 2. Bg2 Bg7 3. c3 c5 4. d4 Qc7 5. Nf3 Nf6 6. Bf4 d6 7. 0-0 0-0 8. Nbd2 Nd5 9. e4 Nxf4 10. gxf4 d5 11. e5 Bg4 12. h3 Bxf3 13. Nxf3 e6 14. h4 Bh6 15. Ng5 cxd4 16. cxd4 Nc6 17. Bh3 Bxg5 18. hxg5 Qb6 19. Kg2 Qxd4 20. Qg4 Rac8 21. Rh1 Qe4+ 22. Kg1 Nd4 23. Bg2 Qxf4 24. Qh3 Rc1+ 0-1

[Event "Delft Prinsenstad op-A"]
[Site "Delft"]
[Date "2009.01.03"]
[Round "4"]
[White "Vesters, Melchior"]
[Black "Speck, Stefan"]
[Result "1-0"]
[WhiteElo "2052"]
[BlackElo "2062"]
[PlyCount "65"]
[EventDate "2009.01.02"]
[EventType "swiss"]
[EventRounds "6"]
[EventCountry "NED"]
[SourceTitle "EXT 2011"]
[Source "ChessBase"]
[SourceDate "2010.11.26"]
[SourceVersion "1"]
[SourceVersionDate "2010.11.26"]
[SourceQuality "1"]

1. g3 d6 2. Nc3 e5 3. Bg2 Nc6 4. Nf3 Nf6 5. 0-0 Be7 6. d4 exd4 7. Nxd4 Nxd4 8. Qxd4 0-0 9. e4 c6 10. Bf4 Ne8 11. a4 Nc7 12. Qd2 Ne6 13. Be3 f6 14. a5 Qc7 15. b4 Nd8 16. b5 Nf7 17. a6 bxa6 18. bxc6 Be6 19. Nd5 Bxd5 20. exd5 Ne5 21. Bd4 f5 22. f4 Nc4 23. Qc3 Nb6 24. Rxa6 Bf6 25. Rfa1 Qf7 26. Bxf6 gxf6 27. Qa5 Nc4 28. Qa2 Ne3 29. Rxa7 Rxa7 30. Qxa7 Nxc2 31. Qxf7+ Rxf7 32. Rc1 Nd4 33. c7 1-0